Konkurencieschopnosť firiem v digitálnej ére diplomová práca

Gespeichert in:
Bibliographische Detailangaben
1. Verfasser: Bernadičová, Dominika
Körperschaft: Obchodná fakulta EU. Katedra medzinárodného obchodu
Weitere Verfasser: Škorvagová, Simona
Format: Buch
Sprache:Slowakisch
Veröffentlicht: Bratislava 2019
Tags: Tag hinzufügen
Keine Tags, Fügen Sie das erste Tag hinzu!

MARC

LEADER 00000nbm a2200000 4500
001 0257869
005 20191004134529.7
041 0 |a slo 
044 |a SK 
245 1 0 |a Konkurencieschopnosť firiem v digitálnej ére  |b diplomová práca  |c Dominika Bernadičová ; školiteľ: Simona Škorvagová 
264 1 |a Bratislava  |c 2019 
300 |a 80 s. 
100 1 |a Bernadičová, Dominika 
700 1 |a Škorvagová, Simona 
710 2 |a Obchodná fakulta EU. Katedra medzinárodného obchodu